LEADER 01297nam--2200409---450- 001 990001394490203316 005 20101117130359.0 010 $a88-14-09793-3 035 $a000139449 035 $aUSA01000139449 035 $a(ALEPH)000139449USA01 035 $a000139449 100 $a20040205d2002----km-y0enga50------ba 101 0 $aita 102 $aIT 105 $ay|||z|||001yy 200 1 $a<> finzioni del diritto$fMaria Claudia Andrini ...[et al.]$ga cura di Francesca Brunetta d'Usseaux 210 $aMilano$cGiuffrè$d2002 215 $a483 p.$d24 cm 225 2 $aCollana di monografie$v80 410 0$12001$aCollana di monografie$v80 606 0 $aProcesso civile$xRoma antica 606 0 $aFictiones juris 676 $a347.3707 702 1$aANDRINI,$bMaria Claudia 702 1$aBRUNETTA D'USSEAUX,$bFrancesca 801 0$aIT$bsalbc$gISBD 912 $a990001394490203316 951 $aXXX.A. Coll. 222/ 48 (X 8 VI 80)$b40720 G.$cXXX.A. Coll. 222/ 48 (X 8 VI)$d00135427 959 $aBK 969 $aGIU 979 $aMARIA$b10$c20040205$lUSA01$h1004 979 $aPATRY$b90$c20040406$lUSA01$h1738 979 $aRENATO$b90$c20041125$lUSA01$h1142 979 $aRSIAV2$b90$c20101117$lUSA01$h1303 996 $aFinzioni del diritto$9679519 997 $aUNISA